| 000 | 00669nam a2200205Ia 4500 | ||
|---|---|---|---|
| 003 | GCL | ||
| 008 | 140319s9999 xx 000 0 ara d | ||
| 040 |
_aGCL / _cGCL |
||
| 082 | 0 | 4 |
_a375 _bص د |
| 100 | 1 | _aهشام عامر عليان | |
| 245 | 1 | 0 |
_aدراسات فى المناهج والاساليب العامة / _cهشام عامر عليان |
| 700 | 1 | _aصالح ذياب الهندى | |
| 300 | _a232 ص | ||
| 490 |
_aكتاب _v0 |
||
| 650 | 0 | 4 | _aالمناهج |
| 650 | 0 | 4 | _aالاختبارات والقياسات التعليمية |
| 650 | 0 | 4 | _aالمسرح التجارى - المغرب |
| 650 | 0 | 4 | _aالمناهج - تطوير |
| 942 |
_2ddc _cBK |
||
| 999 |
_c41764 _d41764 |
||